| 000 | 00401nam a22001217a 4500 | ||
|---|---|---|---|
| 082 | _a200 THE | ||
| 100 |
_aMUHAMMAD TAHIR FAROOQ _969747 |
||
| 245 | _aTH-SOF-1519-Automatic Gleason Grading of Prostate Cancer from Histological Images | ||
| 260 |
_aIslamabad _bNUST College of EME _c2018 |
||
| 650 | _aMS-COMPUTER ENGINEERING-81 MSTHESIS | ||
| 700 |
_aSupervisor Dr. ARSLAN SHAUKA _969748 |
||
| 942 | _cCF | ||
| 999 |
_c576890 _d576890 |
||